Testování hypotéz o efektivnosti sledovaných trhů

Vyslovenie hypotézy o slabej informačnej efektívnosti vybraných kapitálových trhov. Model hypotézy efektívnych trhov. Analýza efektívnosti na českom , nemeckom , rakúskom a slovenskom kapitálovom trhu. Testovanie hypotéz efektívneho trhu. Realizácia testov efektívnosti na pražskej burze. Realizácia...

Full description

Saved in:
Bibliographic Details
Main Author: Čámský, František
Format: Book Chapter
Language:Czech
Subjects:
Tags: Add Tag
No Tags, Be the first to tag this record!

MARC

LEADER 00000nla$a2200000$$$4500
001 0026620
005 20231121080321.5
041 0 |a cze 
044 |a SK 
245 1 0 |a Testování hypotéz o efektivnosti sledovaných trhů  |c František Čámský 
520 |a Vyslovenie hypotézy o slabej informačnej efektívnosti vybraných kapitálových trhov. Model hypotézy efektívnych trhov. Analýza efektívnosti na českom , nemeckom , rakúskom a slovenskom kapitálovom trhu. Testovanie hypotéz efektívneho trhu. Realizácia testov efektívnosti na pražskej burze. Realizácia runs testov. Realizácia testov efektívnosti na frankfurtskej burze. Závery plynúce z uskutočnenia testov efektívnosti pre nemecký kapitálový trh. Testovanie efektívnosti rakúskeho kapitálového trhu. Realizácia testov efektívnosti na viedeňskej burze. 
610 2 0 |a efektívnosť 
610 2 0 |a modely analytické ekonometrické 
610 2 0 |a korelácia 
610 2 0 |a burzy 
610 2 0 |a Slovensko 
610 2 0 |a Česko 
610 2 0 |a Rakúsko 
610 2 0 |a Nemecko 
610 2 0 |a trh kapitálový 
610 2 0 |a testovanie hypotéz 
100 1 |a Čámský, František